| 000 | 02477cam a22004337i 4500 | ||
|---|---|---|---|
| 999 |
_c526958 _d526958 |
||
| 001 | 19182176 | ||
| 003 | NUST | ||
| 005 | 20190718060233.0 | ||
| 008 | 160719s2017 maua 001 0 eng | ||
| 010 | _a 2016427406 | ||
| 020 | _a9780134448237 (pbk) | ||
| 020 | _a0134448235 (pbk) | ||
| 024 | 3 | _a9780134448237 | |
| 035 | _a(OCoLC)ocn949688928 | ||
| 038 | _aArshad | ||
| 040 |
_aTAMCT _beng _cTAMCT _erda _dSZR _dOCLCF _dDEBSZ _dDLC |
||
| 042 | _alccopycat | ||
| 050 | 0 | 0 |
_aQA 76.73 .C153 _bD45 2017 |
| 082 | 0 | 0 |
_a005.13/3 _bDEI |
| 100 | 1 |
_aDeitel, Paul J. _914019 |
|
| 245 | 1 | 0 |
_aC++ how to program / _cPaul Deitel, Deitel & Associates, Inc., Harvey Deitel, Deitel & Associates, Inc. |
| 250 | _aTenth edition. | ||
| 264 | 1 |
_aBoston : _bPearson, _c[2017] |
|
| 264 | 3 | _c2017. | |
| 300 |
_axl, 1034 pages : _billustrations ; _c24 cm. |
||
| 336 |
_atext _btxt _2rdacontent |
||
| 337 |
_aunmediated _bn _2rdamedia |
||
| 338 |
_avolume _bnc _2rdacarrier |
||
| 500 | _a"Introducing the new C++14 Standard" -- title page. | ||
| 500 | _aIncludes index. | ||
| 505 | 0 | _aIntroduction to computers and C++ -- Introduction to C++ programming, input/output and operators -- Introduction to classes, objects, member functions and string s-- Algorithm development and control statements: part I -- Control statements, part 2; logical operators -- Functions and an introduction to recursion -- Class templates array and vector; catching exceptions -- Pointers -- Classes: a deeper look -- Operator overloading; Class string -- Object-oriented programming: inheritance -- Object-oriented programming: polymorphism -- Stream input/output: a deeper look -- File processing -- Standard library containers and ilerators -- Standard library algorithms -- Exception handling: a deeper look -- Introduction to custom templates -- Custom templatized data structures -- Searching and sorting -- Class string and string stream processing: a deeper look -- Bits, characters, C strings and structs -- Operator precedence and associativity -- ASCII character set -- Fundamental types -- Number systems -- Preprocessor. | |
| 650 | 0 |
_aC++ (Computer program language) _91810 |
|
| 650 | 7 |
_aC++ (Computer program language) _2fast _0(OCoLC)fst00843286 _91810 |
|
| 700 | 1 |
_aDeitel, Harvey M., _d1945- _917972 |
|
| 830 | 0 |
_aHow to program series. _917973 |
|
| 906 |
_a7 _bcbc _ccopycat _d2 _encip _f20 _gy-gencatlg |
||
| 942 |
_2ddc _cBK |
||